[Event "Hessen-ch Seniors op 07th"]
[Site "Bad Sooden-Allendorf"]
[Date "2011.05.04"]
[Round "5"]
[White "Kaldune, Helmut"]
[Black "Nols, Uwe"]
[Result "1-0"]
[WhiteElo "1200"]
[BlackElo "1148"]
[PlyCount "75"]
[EventDate "2011.04.30"]
[EventType "swiss"]
[EventRounds "9"]
[EventCountry "GER"]
[SourceTitle "EXT 2012"]
[Source "ChessBase"]
[SourceDate "2011.11.24"]
[SourceVersion "1"]
[SourceVersionDate "2011.11.24"]
[SourceQuality "1"]

1. c4 e5 2. Nc3 Nf6 3. g3 Bc5 4. e3 Nc6 5. Bg2 Ne7 6. Nge2 c6 7. d4 exd4 8. Nxd4 d6 9. 0-0 d5 10. cxd5 Nfxd5 11. Nxd5 Nxd5 12. a3 a6 13. b4 Bb6 14. Bb2 0-0 15. Re1 Nf6 16. f4 Re8 17. Rc1 Ng4 18. Rc3 a5 19. h3 Nf6 20. Qc2 axb4 21. axb4 Nd5 22. Be4 g6 23. Rb3 Bxh3 24. Rd1 Bg4 25. Rd2 Nf6 26. Nf5 Qxd2 27. Qxd2 Nxe4 28. Nh6+ Kf8 29. Qh2 Be6 30. Rd3 c5 31. bxc5 Bxc5 32. Nxf7 h5 33. Ne5 Rad8 34. Nxg6+ Kf7 35. Qxh5 Rg8 36. Rxd8 Bxe3+ 37. Kg2 Rxd8 38. Qh7+ 1-0

[Event "Mecklenburg VP-ch Seniors 2nd"]
[Site "Sparow"]
[Date "2002.09.14"]
[Round "2"]
[White "Krueger, Walter"]
[Black "Kaldune, Helmut"]
[Result "1-0"]
[WhiteElo "1713"]
[BlackElo "1354"]
[PlyCount "55"]
[EventDate "2002.09.??"]
[EventType "swiss"]
[EventRounds "9"]
[EventCountry "GER"]
[SourceTitle "EXT 2006"]
[Source "ChessBase"]
[SourceDate "2005.11.24"]
[SourceVersion "1"]
[SourceVersionDate "2005.11.24"]
[SourceQuality "1"]

1. d4 d5 2. c4 c6 3. Nf3 h6 4. e3 Nf6 5. Nc3 e6 6. cxd5 cxd5 7. Bd3 Bb4 8. Bd2 0-0 9. 0-0 Nc6 10. a3 Bd6 11. Rc1 Qc7 12. Nb5 Qb8 13. Nxd6 Qxd6 14. h3 Re8 15. Bc3 a5 16. Ne5 Nd7 17. Nxc6 bxc6 18. Qd2 a4 19. Bb4 Qc7 20. f4 Ba6 21. Bxa6 Rxa6 22. Rc2 Rc8 23. Rfc1 Nf6 24. Qd3 Qb7 25. f5 Ne4 26. fxe6 fxe6 27. Rf1 Qb5 28. Qxb5 1-0

[Event "Wuerttemberg-ch Seniors 13th"]
[Site "Ellwangen"]
[Date "2001.??.??"]
[Round "1"]
[White "Kaldune, Helmut"]
[Black "Wittkugel, Friedhelm"]
[Result "0-1"]
[WhiteElo "1327"]
[BlackElo "1888"]
[PlyCount "74"]
[EventDate "2001.04.??"]
[EventType "swiss"]
[EventRounds "9"]
[EventCountry "GER"]
[SourceTitle "EXT 2006"]
[Source "ChessBase"]
[SourceDate "2005.11.24"]
[SourceVersion "1"]
[SourceVersionDate "2005.11.24"]
[SourceQuality "1"]

1. c4 e5 2. Nc3 g6 3. g3 Bg7 4. Bg2 c6 5. e4 d6 6. d3 Ne7 7. Bg5 f6 8. Be3 Be6 9. Qd2 h6 10. Nge2 Qd7 11. 0-0 Bh3 12. f4 Bxg2 13. Kxg2 Na6 14. fxe5 dxe5 15. Rf2 c5 16. a3 0-0-0 17. Nc1 Nc6 18. Nb5 h5 19. b4 h4 20. Rf3 b6 21. Bf2 hxg3 22. Rxg3 Bh6 23. Be3 Bxe3 24. Qxe3 g5 25. Nb3 Nd4 26. N5xd4 cxd4 27. Qf3 Rh6 28. Qg4 Rdh8 29. Qxd7+ Kxd7 30. Rh1 Nc7 31. Rf3 Ne6 32. a4 Nf4+ 33. Kg1 Rh3 34. Rxh3 Rxh3 35. Nd2 Rxd3 36. Nf1 Rc3 37. Nd2 Rc2 0-1